000 00466pab a2200181 454500
008 180718b2011 xxu||||| |||| 00| 0 eng d
100 _aGobillon, Laurent
245 _aHousing and location choices of retiring households: Evidence from France
260 _c2011
300 _ap.331-347.
362 _aFeb
650 _aHousing - France
650 _aHousing
700 _aWolff, Francois-Charles
773 _aUrban Studies
908 _aN
909 _a91918
999 _c91918
_d91918